00521cam a2200169 a 4500003000400000005001700004008004100021020001800062040001700080082002000097245008200117260004200199300001600241630001200257650005100269700003100320OSt20260409120536.0101229s2011 ii b 001 0 eng d a9788180280375 benglishcHDL04a294.5923046 Q100aDamayanti and Nala :bthe many lives of a story /cedited by Susan S. Wadley. aNew Delhi :bChronicle Books ;c2011. avi, 341 p.  lEnglish 0aEpic literature, IndicxHistory and criticism.1 aWadley, Susan Snow,d1943-